000 00758nam a2200241 i 4500
001 184752
003 ES-MaACL
005 20231219062542.0
008 151127s2015 sp |||| |dspa d
020 _a978-84-944095-6-1
080 _a1(091)
100 1 _aAbellán, José Luis,
_d1933-2023
_9176509
245 1 3 _aEl misterio /
_cJosé Luis Abellán ; [epílogo de Mariano Rivera Cross].
250 _a1ª ed.
260 _aSan Fernando [Cádiz] :
_bDalya,
_c2015.
300 _a164 p. ;
_c21 cm.
504 _aReferencias bibliográficas.
650 7 _aFilosofía-
_vHistoria.
_9158248
700 1 _aRivera Cross, Mariano.
_9144175
852 _aES-MaACL
_jA-13655
_9191764
_bR.150964
_cDEPO1
_dOlim: N-6655
942 _2udc
999 _c184752
_d184752